Porewater extraction from argillaceous rocks for geochemical characterisation methods and interpretation
Uložené v:
| Korporativný autor: | |
|---|---|
| Médium: | Kniha |
| Jazyk: | English |
| Vydavateľské údaje: |
Paris
OECD
2000
|
| Predmet: | |
| Tagy: |
Žiadne tagy, Buďte prvý, kto otaguje tento záznam!
|
MARC
| LEADER | 00000nam a2200000 4500 | ||
|---|---|---|---|
| 001 | c123994 | ||
| 005 | 20221221084554.4 | ||
| 020 | |a 92-64-17181-9 | ||
| 041 | 0 | |a eng | |
| 044 | |a FR | ||
| 245 | 1 | 0 | |a Porewater extraction from argillaceous rocks for geochemical characterisation |b methods and interpretation |
| 264 | 1 | |a Paris |b OECD |c 2000 | |
| 300 | |a 185 s. | ||
| 610 | 2 | 0 | |a voda |
| 610 | 2 | 0 | |a rádioaktivita |
| 610 | 2 | 0 | |a výskum |
| 610 | 2 | 0 | |a analýzy |
| 610 | 2 | 0 | |a metódy výskumu |
| 610 | 2 | 0 | |a chémia |
| 710 | 2 | |a OECD. Nuclear Energy Agency | |